000 00717cam a22002657a 4500
003 CHAP
005 20220817040809.0
008 971013s1989 r 00010 d
010 _a465
011 _a1437
035 _a613
040 _cCHAP
082 _a331.4
_bF3f
110 _aFAO
245 0 _aLes femmes dans les communautés de pécheurs
_b: directives
260 _aRome :
_bFAO,
_c1989
300 _a63 p.
_b: ilus.
590 _aBATCH-UPD
_b10
_c20130110
_lUCH01
_h1947
590 _aCONVERSION
_b10
_c20130109
_lUCH01
_h1302
650 1 4 _aMujer y el mar.
_979400
650 1 4 _aTrabajo de la mujer.
_9114490
901 _aBK
942 _cLIBRO
949 _a331.4 F3f
_bBC
_cFAO
_d-10066
_eFAO1
_h74978
_i613
_si
999 _c465
_d465